Statistics for NFL All-Time Pass TDs Leaders

Click here to take the quiz!

General Stats

  • This quiz has been taken 2,682 times
    (1,117 since last reset)
  • The average score is 13 of 22

Answer Stats

TDs Player % Correct
539Peyton Manning
99%
450Tom Brady
99%
317Eli Manning
99%
458Drew Brees
94%
508Brett Favre
93%
273Joe Montana
85%
420Dan Marino
83%
308Philip Rivers
78%
289Aaron Rodgers
77%
297Ben Roethlisberger
76%
300John Elway
67%
290Johnny Unitas
50%
291Warren Moon
50%
279Carson Palmer
42%
247Tony Romo
42%
342Fran Tarkenton
41%
254Dan Fouts
37%
251Drew Bledsoe
27%
275Vinny Testaverde
25%
247Boomer Esiason
16%
261Dave Krieg
7%
255Sonny Jurgensen
6%

Score Distribution

Percentile by Number Answered

Percent of People with Each Score

Your Score History

You have not taken this quiz since the last reset